[Event "BUL-chT Rapid"]
[Site "Kiten"]
[Date "2021.06.20"]
[Round "3.1"]
[White "Enchev, Ivajlo"]
[Black "Stojanov, Stanislav"]
[Result "1-0"]
[WhiteElo "2501"]
[BlackElo "2328"]
[PlyCount "79"]
[EventDate "2021.06.20"]
[EventType "team-tourn (rapid)"]
[EventRounds "7"]
[EventCountry "BUL"]
[SourceTitle "CBM 203 Extra"]
[Source "ChessBase"]
[SourceDate "2021.09.30"]
[SourceVersion "1"]
[SourceVersionDate "2021.09.30"]
[SourceQuality "1"]
[WhiteTeam "Razgrad Abritus"]
[BlackTeam "Varna Caissa"]
[WhiteTeamCountry "BUL"]
[BlackTeamCountry "BUL"]

1. d4 Nf6 2. c4 g6 3. f3 Bg7 4. e4 d6 5. Nc3 0-0 6. Nge2 c5 7. d5 a6 8. a4 e6 9. Ng3 exd5 10. cxd5 h5 11. Bg5 Qa5 12. Qd2 b5 13. Be2 Nbd7 14. 0-0 b4 15. Nd1 c4 16. Rc1 Qxa4 17. Rxc4 a5 18. Rc6 Ne5 19. Rxd6 Nh7 20. Be3 Bd7 21. f4 Ng4 22. Bd4 Bxd4+ 23. Qxd4 Bb5 24. b3 Qxb3 25. Bxb5 a4 26. Bc4 Qc2 27. h3 Ngf6 28. Ne3 Qc3 29. Qxc3 bxc3 30. e5 h4 31. exf6 hxg3 32. Rc1 a3 33. Ba2 Rfc8 34. Rc6 Re8 35. R1xc3 Rab8 36. Rxa3 Rb2 37. Bc4 Rb1+ 38. Nf1 Nf8 39. Rxg3 Nd7 40. d6 1-0

[Event "Golden Sands Europe op 2nd"]
[Site "Golden Sands"]
[Date "2013.06.12"]
[Round "3"]
[White "Abramovic, Bosko"]
[Black "Stojanov, Stanislav"]
[Result "0-1"]
[WhiteElo "2458"]
[BlackElo "2307"]
[PlyCount "80"]
[EventDate "2013.06.10"]
[EventType "swiss"]
[EventRounds "9"]
[EventCountry "BUL"]
[SourceTitle "CBM 154 Extra"]
[Source "ChessBase"]
[SourceDate "2013.06.25"]
[SourceVersion "2"]
[SourceVersionDate "2013.06.25"]
[SourceQuality "1"]

1. d4 Nf6 2. Nf3 g6 3. c3 Bg7 4. Bf4 0-0 5. e3 d6 6. h3 Nbd7 7. Be2 c5 8. 0-0 b6 9. Bh2 Bb7 10. Nbd2 Qc7 11. Re1 Bc6 12. Bd3 Rfd8 13. e4 e5 14. d5 Bb7 15. a4 a6 16. b4 cxb4 17. cxb4 a5 18. Rc1 Qb8 19. b5 Nc5 20. Nc4 Qc7 21. Nfxe5 dxe5 22. Nxe5 Qe7 23. Nc6 Bxc6 24. bxc6 Ne8 25. Bc4 Nd6 26. e5 Nxc4 27. Rxc4 Rac8 28. Rd4 Qe8 29. Bf4 h6 30. Rd2 Na6 31. e6 fxe6 32. Rxe6 Qf7 33. Qg4 g5 34. Bg3 Nc5 35. Ree2 Nb3 36. Rd1 Nc5 37. c7 Rxc7 38. Bxc7 Qxc7 39. d6 Qf7 40. Re7 Qf6 0-1

[Event "FRA-chT3 Gr01 0607"]
[Site "France"]
[Date "2007.04.01"]
[Round "9.1"]
[White "Van Hoolandt, Patrick"]
[Black "Stojanov, Stanislav"]
[Result "1-0"]
[WhiteElo "2257"]
[BlackElo "2242"]
[PlyCount "55"]
[EventDate "2006.10.15"]
[EventType "team-tourn"]
[EventRounds "9"]
[EventCountry "FRA"]
[SourceTitle "EXT 2008"]
[Source "ChessBase"]
[SourceDate "2007.11.25"]
[SourceVersion "1"]
[SourceVersionDate "2007.11.25"]
[SourceQuality "1"]

1. d4 Nf6 2. c4 g6 3. Nc3 Bg7 4. e4 0-0 5. Nf3 d6 6. Be2 e5 7. 0-0 Na6 8. Be3 Ng4 9. Bg5 f6 10. Bc1 Kh8 11. h3 Nh6 12. Be3 Nf7 13. dxe5 fxe5 14. Qd2 Nc5 15. Bxc5 dxc5 16. Qd5 Qxd5 17. Nxd5 Nd6 18. Rac1 Bd7 19. b3 b6 20. Rc2 a5 21. a4 Rae8 22. Nd2 Rf4 23. g3 Rf6 24. Bg4 Bxg4 25. hxg4 Bh6 26. Kg2 Bxd2 27. Rxd2 Ref8 28. f4 1-0

[Event "FRA-chT3 Gr01 0607"]
[Site "France"]
[Date "2007.02.11"]
[Round "6.1"]
[White "Brongers, Henk"]
[Black "Stojanov, Stanislav"]
[Result "1-0"]
[WhiteElo "1969"]
[BlackElo "2242"]
[PlyCount "145"]
[EventDate "2006.10.15"]
[EventType "team-tourn"]
[EventRounds "9"]
[EventCountry "FRA"]
[SourceTitle "EXT 2008"]
[Source "ChessBase"]
[SourceDate "2007.11.25"]
[SourceVersion "1"]
[SourceVersionDate "2007.11.25"]
[SourceQuality "1"]

1. e4 Nf6 2. e5 Nd5 3. d4 d6 4. c4 Nb6 5. exd6 cxd6 6. Nc3 g6 7. Be3 Bg7 8. Rc1 0-0 9. b3 Bf5 10. d5 Na6 11. g4 Bd7 12. Bg2 Nc5 13. h3 f5 14. Bf3 e5 15. dxe6 Bxe6 16. Qd2 Qe7 17. Kf1 fxg4 18. hxg4 Rf7 19. Rd1 Be5 20. Re1 Qf6 21. Nd1 Raf8 22. Kg2 Nbd7 23. b4 Na4 24. Bg5 Qh8 25. Bxb7 Ndb6 26. c5 dxc5 27. bxc5 Nxc5 28. Bf3 Nc4 29. Qc2 Rxf3 30. Nxf3 Bd5 31. Rh3 Ne6 32. Qd3 Nd4 33. Kf1 Rxf3 34. Rxf3 Nb6 35. Rfe3 Bc4 36. Nb2 Bxd3+ 37. Nxd3 Nc4 38. Re4 h6 39. Rxd4 Bxd4 40. Re8+ Kg7 41. Rxh8 Kxh8 42. Bxh6 Kg8 43. Ke2 Kf7 44. Nf4 Ne5 45. f3 Nc6 46. Bg5 Bc5 47. Nd3 Nd4+ 48. Ke3 Bb6 49. Ke4 Nb5 50. Bd2 Bg1 51. Ne5+ Kf6 52. g5+ Kg7 53. Kd5 Bh2 54. Ng4 Bg3 55. Nf6 Kf7 56. Ne4 Bh2 57. Be3 a6 58. a4 Nc7+ 59. Kc6 Ke6 60. f4 Ne8 61. Nc5+ Kf5 62. Nxa6 Bg3 63. Nb4 Be1 64. Nd5 Ng7 65. Ne7+ Ke4 66. Bc1 Kd3 67. Bb2 Ne6 68. Nxg6 Kc2 69. Be5 Kb3 70. Kb5 Bd2 71. a5 Nxg5 72. fxg5 Bxg5 73. Bd4 1-0

[Event "FRA-chT3 Gr01 0607"]
[Site "France"]
[Date "2006.11.25"]
[Round "2.1"]
[White "Ianniello, Riccardo"]
[Black "Stojanov, Stanislav"]
[Result "1/2-1/2"]
[WhiteElo "2276"]
[BlackElo "2232"]
[PlyCount "42"]
[EventDate "2006.10.15"]
[EventType "team-tourn"]
[EventRounds "9"]
[EventCountry "FRA"]
[SourceTitle "EXT 2008"]
[Source "ChessBase"]
[SourceDate "2007.11.25"]
[SourceVersion "1"]
[SourceVersionDate "2007.11.25"]
[SourceQuality "1"]

1. e4 Nf6 2. Nc3 d5 3. exd5 Nxd5 4. Nf3 e6 5. Nxd5 exd5 6. d4 Bd6 7. Bd3 0-0 8. 0-0 Bg4 9. h3 Bh5 10. Be2 c6 11. c3 Nd7 12. Re1 Re8 13. Be3 Qc7 14. Nh4 Bg6 15. Nxg6 hxg6 16. Bd3 Nf6 17. Qc2 Ne4 18. Bxe4 Rxe4 19. Bd2 Rae8 20. Rxe4 Rxe4 21. Re1 Rxe1+ 1/2-1/2

[Event "World University-ch 6th"]
[Site "Golden Sands"]
[Date "2000.09.01"]
[Round "1"]
[White "Ganbold, Odondoo"]
[Black "Stojanov, Stanislav"]
[Result "1/2-1/2"]
[WhiteElo "2405"]
[BlackElo "2111"]
[PlyCount "54"]
[EventDate "2000.09.01"]
[EventType "team-tourn"]
[EventRounds "9"]
[EventCountry "BUL"]
[SourceTitle "CBM 077 Extra"]
[Source "ChessBase"]
[SourceDate "2000.09.14"]
[SourceVersion "1"]
[SourceVersionDate "2000.09.14"]
[SourceQuality "1"]

1. e4 c5 2. f4 d6 3. Bb5+ Bd7 4. Bxd7+ Qxd7 5. Nf3 g6 6. 0-0 Bg7 7. d3 Nc6 8. Nc3 Nf6 9. Ng5 0-0 10. Kh1 Rad8 11. Be3 Nd4 12. h3 Nh5 13. Rf2 h6 14. Nf3 f5 15. Nh4 Qe6 16. g4 fxe4 17. Qd2 Nf6 18. f5 gxf5 19. gxf5 Qf7 20. Rg1 Qh5 21. Bxh6 Rf7 22. Bxg7 Rxg7 23. Rfg2 Rxg2 24. Qxg2+ Kf7 25. Qg6+ Qxg6 26. fxg6+ Kg7 27. dxe4 e6 1/2-1/2

[Event "EU-ch U18"]
[Site "Mureck"]
[Date "1998.??.??"]
[Round "1"]
[White "Stojanov, Stanislav"]
[Black "Vallin, Guillaume"]
[Result "0-1"]
[WhiteElo "2045"]
[BlackElo "2315"]
[PlyCount "116"]
[EventDate "1998.07.08"]
[EventType "swiss"]
[EventRounds "9"]
[EventCountry "AUT"]
[SourceTitle "CBM 065 Extra"]
[Source "ChessBase"]
[SourceDate "1998.09.09"]
[SourceVersion "1"]
[SourceVersionDate "1998.09.09"]
[SourceQuality "1"]

1. Nf3 d5 2. d4 Nf6 3. g3 Bf5 4. Bg2 e6 5. 0-0 c5 6. c4 Nc6 7. cxd5 exd5 8. Nc3 c4 9. Ne5 Be7 10. Bg5 Be6 11. Bf4 0-0 12. Nxc4 dxc4 13. d5 Nxd5 14. Nxd5 Bf6 15. Bc7 Qd7 16. Nxf6+ gxf6 17. Qxd7 Bxd7 18. Rad1 Be6 19. Rd2 Rac8 20. Bd6 Rfd8 21. Rfd1 b6 22. Ba3 Rxd2 23. Rxd2 Kg7 24. Rd6 Ne5 25. Bb4 Rc7 26. f4 Ng4 27. Bc3 Ne3 28. Be4 Rd7 29. Rxd7 Bxd7 30. Bd4 Nf5 31. Bf2 Ne7 32. Kf1 Bc6 33. Bc2 f5 34. Bd4+ Kg6 35. g4 Be4 36. Bxe4 fxe4 37. Kf2 f5 38. h3 Nc6 39. Bc3 b5 40. a3 a5 41. Kg3 b4 42. axb4 axb4 43. Bd2 c3 44. bxc3 b3 45. Bc1 Na5 46. Kf2 Nc4 47. Ke1 b2 48. Bxb2 Nxb2 49. Kd2 Nc4+ 50. Ke1 fxg4 51. hxg4 Ne3 52. c4 Nxg4 53. c5 Kf6 54. Kf1 Ke6 55. Kg2 Kd5 56. Kg3 Nf6 57. f5 Kxc5 58. Kf4 Kd5 0-1

[Event "EU-ch U18"]
[Site "Mureck"]
[Date "1998.??.??"]
[Round "6"]
[White "Stojanov, Stanislav"]
[Black "Vavrak, Peter"]
[Result "1-0"]
[WhiteElo "2045"]
[BlackElo "2200"]
[PlyCount "87"]
[EventDate "1998.07.08"]
[EventType "swiss"]
[EventRounds "9"]
[EventCountry "AUT"]
[SourceTitle "CBM 065 Extra"]
[Source "ChessBase"]
[SourceDate "1998.09.09"]
[SourceVersion "1"]
[SourceVersionDate "1998.09.09"]
[SourceQuality "1"]

1. Nf3 e6 2. d4 Nf6 3. g3 b6 4. Bg2 Bb7 5. 0-0 Be7 6. c4 c5 7. Nc3 cxd4 8. Qxd4 0-0 9. e4 d6 10. Rd1 Nbd7 11. Qe3 Rc8 12. b3 a6 13. Nd4 Qc7 14. Bb2 Nc5 15. Rac1 Qb8 16. f3 Rfd8 17. Bh3 Rc7 18. Rd2 Bf8 19. Nd1 Ba8 20. Qe2 Ncd7 21. Ne3 Kh8 22. Rcd1 Re8 23. Qf2 Kg8 24. Bf1 Bb7 25. g4 Qd8 26. h4 d5 27. exd5 exd5 28. Ndf5 g6 29. Ng3 Bc5 30. Bd4 Qe7 31. Bxc5 Qxc5 32. Rd4 Ne5 33. g5 dxc4 34. Be2 Nd3 35. Bxd3 Qxd4 36. Be4 Nxe4 37. Nxe4 Rxe4 38. fxe4 Qc3 39. Ng4 h5 40. Nf6+ Kf8 41. Rd8+ Ke7 42. Re8+ Kd6 43. Qxb6+ Rc6 44. e5+ 1-0